Aproximaciones a la historia de Puno y del altiplano / (Record no. 22672)

000 -CABECERA
fixed length control field 00877nam a22002297a 4500
003 - IDENTIFICADOR DEL NÚMERO DE CONTROL
control field AR-CdUCM
008 - DATOS DE LONGITUD FIJA--INFORMACIÓN GENERAL
fixed length control field 190322b ||||| |||| 00| 0 spa d
020 ## - NÚMERO INTERNACIONAL ESTÁNDAR DEL LIBRO
ISBN 9786124720031
040 ## - FUENTE DE LA CATALOGACIÓN
Agencia/entidad que catalogó originalmente la obra MUNICIPALIDAD PROVINCIAL DEL CUSCO
Entidad que transcribió la catalogación BIBLIOTECA MUNICIPAL DEL CUSCO
082 ## - NÚMERO DE LA CLASIFICACIÓN DECIMAL DEWEY
No. de Clasificación 985.62/D74
Notacion interna D74
100 ## - ENTRADA PRINCIPAL--NOMBRE DE PERSONA
Nombre Personal Domínguez Faura, Nicanor
245 ## - MENCIÓN DE TÍTULO
Título Aproximaciones a la historia de Puno y del altiplano /
Mención de responsabilidad Nicanor Domínguez Faura
260 ## - PUBLICACIÓN, DISTRIBUCIÓN, ETC.
Lugar de publicación, distribución, etc. Puno :
Nombre de la editorial, distribuidor, etc. Dirección Desconcentrada de Cultura de Puno.
Fecha de publicación, distribución, etc. 2017.
300 ## - DESCRIPCIÓN FÍSICA
Nº de Páginas Extensión 377 páginas. :
Otros detalles físicos ilustraciones, mapas ;
Dimensiones 21 cm.
440 ## - MENCIÓN DE SERIE/PUNTO DE ACCESO ADICIONAL--TÍTULO
Título Puno esencial ;
Número de la parte/sección de una obra 3
9 (RLIN) 48842
650 ## - PUNTO DE ACCESO ADICIONAL DE MATERIA--TÉRMINO DE MATERIA
Descriptor Historia de Puno
9 (RLIN) 43537
650 ## - PUNTO DE ACCESO ADICIONAL DE MATERIA--TÉRMINO DE MATERIA
Descriptor Puno Perú
9 (RLIN) 17146
700 ## - PUNTO DE ACCESO ADICIONAL--NOMBRE DE PERSONA
Nombre Personal Espezúa Salmón, Boris
Término de relación Editor
9 (RLIN) 48843
710 ## - PUNTO DE ACCESO ADICIONAL--NOMBRE DE ENTIDAD CORPORATIVA
Nombre corporativo (En letras Mayúsculas) Ministerio de Cultura Perú
Unidad subordinada Dirección Desconcentrada de Cultura de Puno
9 (RLIN) 48844
942 ## - ELEMENTOS DE PUNTO DE ACCESO ADICIONAL (KOHA)
Fuente de clasificación
Tipo de item Libros-BMC
945 ## - PROCESAMIENTO DE INFORMACIÓN LOCAL (OCLC)
Catalogador rac
Holdings
Estado de retiro (separado) Fuente de clasificación o esquema de estanterías Estado dañado Ubicación Sala donde se ubica Nombre de la colección Fecha de adquisición o compra Fuente de adquisición Costo, precio normal en soles Signatura topográfica Código de Barras Última vez visto (Koha) Tipo de ítem (Koha)
No     Sala Humanidades Sala Humanidades Book Cart 2023-01-09 Donación 20.00 985.62/D74 SH0000016512 2023-01-09 Libros-BMC

Powered by Koha